Planetas y planetas enanos - Estadísticas

Estadísticas generales
  • Esta prueba ha sido intentada 201 veces
  • La puntuación promedio es 10 de 13
Estadísticas de respuestas
Planeta % Correcto
4 Marte
95%
10 Pluton
95%
6 Jupiter
94%
1 Mercurio
94%
2 Venus
94%
8 Urano
91%
9 Neptuno
90%
7 Saturno
90%
5 Ceres
65%
3 La Tierra
65%
13 Eris
48%
12 Makemake
45%
11 Haumea
36%
No se encontraron pruebas coincidentes
Distribución de puntuación
Porcentaje de gente con cada puntuación
Porcentaje por número respondido
Historial de tus puntuaciones
No has intentado esta prueba.